| 000 | 01125nam a2200265 u 4500 | ||
|---|---|---|---|
| 001 | 000528637 | ||
| 003 | AM-YeHGA | ||
| 005 | 20250617135230.0 | ||
| 008 | 070328s1998 ||| r 000 0 rus d | ||
| 020 | _a5862255761 | ||
| 040 | _aAM-YeHGA | ||
| 041 | 1 |
_arus _heng |
|
| 100 | 1 | _aМаршалл, Джон Ф. | |
| 245 | 1 | 0 |
_aФинансовая инженерия : _bПолное руководство по финансовым нововведениям : Учебник : Перевод с английского / _cДжон Ф. Маршалл, Випул К. Бансал. |
| 246 | 1 | 5 | _aFinancial engineering |
| 260 |
_aМосква : _bИНФРА-М, _c1998. |
||
| 300 |
_a782 с. : _bил. |
||
| 440 | 0 | _aВысшее образование | |
| 500 | _aНа обл. 2-й авт. ошибочно: Викул К. Бансал | ||
| 650 | 1 | 4 |
_aЭкономика _zКапиталистические страны |
| 653 | 0 | _aФинансы - Учебник для высшей школы | |
| 653 | 0 | _aФинансовая инженерия | |
| 700 | 1 | _aБансал, Випул К. | |
| 090 | _c197544 | ||
| 999 |
_c196065 _d196065 |
||